Guía de criterios e indicadores para la evaluación de instituciones de Educación Superior en la República Dominicana
Tallennettuna:
| Yhteisötekijät: | , |
|---|---|
| Aineistotyyppi: | Kirja |
| Kieli: | espanja |
| Julkaistu: |
Santo Domingo
Asociación Dominicana para el Autoestudio y la Acreditación ADAAC
2003
|
| Painos: | 1a. ed |
| Aiheet: | |
| Tagit: |
Lisää tagi
Ei tageja, Lisää ensimmäinen tagi!
|
MARC
| LEADER | 00000cam a2200000 a 4500 | ||
|---|---|---|---|
| 001 | UCE0283 | ||
| 003 | CL-VaPUC | ||
| 008 | 140109e20030900dr |||||||||||||||||spa|d | ||
| 020 | |a 9993495700 | ||
| 082 | 0 | 4 | |a 378.7293 |b ASO |2 21 |
| 110 | 2 | |a Asociación Dominicana para el Autoestudio y la Acreditación |e author |9 572666 | |
| 710 | 2 | |a ADAAC |e author |9 572667 | |
| 245 | 1 | 0 | |a Guía de criterios e indicadores para la evaluación de instituciones de Educación Superior en la República Dominicana |
| 250 | |a 1a. ed | ||
| 300 | |a 154 p | ||
| 942 | |c BK | ||
| 945 | |d 20140109 11:50:00 |a dcastane | ||
| 260 | |a Santo Domingo |b Asociación Dominicana para el Autoestudio y la Acreditación ADAAC |c 2003 | ||
| 650 | 0 | |a Educación superior |9 223851 | |
| 650 | 0 | |a Universidades |9 256317 | |
| 650 | 0 | |a Evaluación de la educación |9 237505 | |
| 650 | 0 | |a Calidad de la educación |9 307271 | |
| 583 | |a last modification |c 20171221 02:27:17 |k Rodrigo Vera | ||
| 999 | |c 354484 |d 354482 | ||
| 952 | |0 0 |1 0 |3 erb |4 0 |6 378_729300000000000_ASO_2003 |7 0 |8 A |9 460386 |a BIBCUR |b BIBCUR |i 5039029 |o 378.7293 ASO 2003 |p 5039029 |r 2025-04-22 |w 2019-11-23 |y BK |z Catalogado en:20140109 |k BCB | ||